Peanuts Characters - Statistics

General Stats
  • This quiz has been taken 510 times
  • The average score is 10 of 13
Answer Stats
Clue Answer % Correct
Oh good Grief! Main character Charlie Brown
100%
He carries around a blue blanket Linus
96%
Center outfielder who will slug you if things don't go her way Lucy
95%
World War 1 flying ace dog. Snoopy
95%
Yellow bird that often follows ^ Woodstock
89%
Hoarse voiced baseball expert who calls the main character Chuck Peppermint Patty
86%
Always manages to get himself dirty Pigpen
83%
Girl that is extremely rude to the main character. her name is also a shade of purple Violet
79%
Blonde haired sister of the main character Sally
77%
An expert piano player Schroeder
76%
Baby brother to boy with the blanket Rerun
51%
In the nativity he is always a shepard Shermy
32%
The right hand man of ^ Marcey
21%
No matching quizzes found
Score Distribution
Percent of People with Each Score
Percentile by Number Answered
Your Score History
You have not taken this quiz